000 00527cam a2200133 a 4500
008 840416s1973 ctuaf 000 0 eng
082 0 0 _a769.5/7
_219
100 1 _aRickerson, Wildey C.
245 1 0 _aUnited States revenue stamps :
_bcollect them for profit and pleasure /
_cWildey C. Rickerson.
250 _a1st ed.
260 _aDeep River, Conn. :
_bW.C. Rickerson ;
_aChattanooga, Tn. :
_bCan be obtained from Revenue Specialist,
_c[1973?]
500 _aDistributor from label on colophon.
650 0 _aRevenue stamps
_zUnited States
999 _c3488
_d3488